| 000 | 00586nam a2200193 u 4500 | ||
|---|---|---|---|
| 001 | 000605696 | ||
| 003 | AM-YeHGA | ||
| 005 | 20250618072944.0 | ||
| 008 | 081020s2008 ai r 000 0 arm d | ||
| 020 | _a9789994114948 | ||
| 040 | _aAM-YeHGA | ||
| 041 | 0 | _aarm | |
| 100 | 1 |
_aԳրիգորյան, Վահագն Վահանի, _d1942- _9376 |
|
| 245 | 1 | 0 |
_aԺամանակի գետը : _bՎեպ / _cՎ.Վ. Գրիգորյան. |
| 260 |
_aԵրևան : _bԶանգակ-97, _c2008. |
||
| 300 |
_a504 էջ ; _c21 սմ. |
||
| 650 | 1 | 4 |
_aՀայ գրականություն _xՎեպ |
| 090 | _c202240 | ||
| 999 |
_c200753 _d200753 |
||